Random UK Railway Stations by Station Codes - Statistics

General Stats
  • This quiz has been taken 5,373 times
  • The average score is 4 of 20
Answer Stats
Station Code
Station Name (full) % Correct
ABE Aber
100%
AGV Abergavenny
100%
ADW Addiewell
100%
AIG Aigburth
100%
AGT Aldrington
100%
ALO Alloa
100%
ALT Altrincham
100%
APD Appledore
100%
APS Apsley
100%
ARU Arundel
100%
ASH Ash
100%
AWM Ashwell & Morden
100%
AVM Aviemore
100%
BAC Bache
100%
BTH Bath Spa
100%
BSD Bearsted
100%
BEE Beeston
100%
BEM Bempton
100%
BBN Blackburn
100%
BCN Branchton
100%
BPK Brookmans Park
100%
BUB Burnley Barracks
100%
BUX Buxton
100%
CBG Cambridge
100%
CAR Carlisle
100%
CFO Chalfont & Latimer
100%
CLI Clifton
100%
COR Corby
100%
COS Cosford
100%
COT Cottingley
100%
COV Coventry
100%
CRE Crewe
100%
DNT Dent
100%
DEP Deptford
100%
DID Didcot Parkway
100%
DLG Dolgarrog
100%
DOR Dore & Totley
100%
DVP Dover Priory
100%
DVY Dovey Junction
100%
DMY Drumry
100%
DFI Duffield
100%
DMP Dumpton Park
100%
EAL Ealing Broadway
100%
EDB Edinburgh
100%
ELY Ely
100%
EVE Evesham
100%
FEL Feltham
100%
FIL Filey
100%
FPK Finsbury Park
100%
FZP Furze Platt
100%
GIL Gillingham
100%
GLC Glasgow Central
100%
GLQ Glasgow Queen Street
100%
GNF Greenfield
100%
HYS Hayes
100%
HFD Hereford
100%
HOC Hockley
100%
HOO Hooton
100%
HOX Hoxton
100%
HUD Huddersfield
100%
HUL Hull
100%
INE Ince & Elton
100%
INV Inverness
100%
IPS Ipswich
100%
JEQ Jewellery Quarter
100%
KET Kettering
100%
KID Kidderminster
100%
KKM Kirkham & Wesham
100%
KNI Knighton
100%
KNO Knottingley
100%
LEE Lee
100%
LDS Leeds
100%
LEI Leicester
100%
LEW Lewisham
100%
LID Lidlington
100%
LTP Littleport
100%
LIV Liverpool Lime Street
100%
LLJ Llandudno Junction
100%
EUS London Euston
100%
VIC London Victoria
100%
LOO Looe
100%
LOS Lostwithiel
100%
LUD Ludlow
100%
LUT Luton
100%
LTN Luton Airport Parkway
100%
LYE Lye
100%
MVL Malvern Link
100%
MLW Marlow
100%
MAT Matlock
100%
MAX Maxwell Park
100%
MEN Menheniot
100%
MBR Middlesbrough
100%
MBK Millbrook
100%
NVR Navigation Road
100%
NEI Neilston
100%
NBA New Barnet
100%
NPD New Pudsey
100%
NQY Newquay
100%
NMP Northampton
100%
NOT Nottingham
100%
NUN Nuneaton
100%
OKL Oakleigh Park
100%
OLT Olton
100%
ORP Orpington
100%
OTF Otford
100%
OUN Oulton Broad North
100%
OXF Oxford
100%
PAN Pangbourne
100%
PNS Penistone
100%
PTH Perth
100%
PEW Pewsey
100%
PLY Plymouth
100%
PFR Pontefract Baghill
100%
PYT Poynton
100%
PRP Preston Park
100%
PUT Putney
100%
RVB Ravensbourne
100%
RDG Reading
100%
RDC Redditch
100%
RIC Rickmansworth
100%
ROM Romsey
100%
RUG Rugby
100%
RYE Rye
100%
SDR Saunderton
100%
SAW Sawbridgeworth
100%
SKG Skegness
100%
SOU Southampton Central
100%
SVL Staveley
100%
STG Stirling
100%
SPT Stockport
100%
STK Stockton
100%
SFA Stratford International
100%
SUD Sudbury & Harrow Road
100%
TAM Tamworth
100%
TAU Taunton
100%
TQY Torquay
100%
TRU Truro
100%
TUR Turkey Street
100%
UCK Uckfield
100%
UNI University
100%
UPM Upminster
100%
UTT Uttoxeter
100%
VAL Valley
100%
WSL Walsall
100%
WHC Walthamstow Central
100%
WAV Wavertree Technology Park
100%
WEM Wem
100%
WMB Wembley Central
100%
WEY Weymouth
100%
WHI Whitstable
100%
WIN Winchester
100%
WOB Woburn Sands
100%
YEO Yeoford
100%
YRK York
100%
AYR Ayr
89%
WOK Woking
88%
DBY Derby
86%
HFX Halifax
86%
SHR Shrewsbury
83%
STA Stafford
83%
SWA Swansea
83%
ULV Ulverston
83%
WCK Wick
83%
ALF Alfreton
80%
BAN Banbury
80%
ECC Eccles
80%
HYM Haymarket
80%
OKM Oakham
80%
SKI Skipton
80%
SLO Slough
80%
TOO Tooting
80%
WIM Wimbledon
80%
ACR Accrington
75%
ARB Arbroath
75%
BAL Balham
75%
BEB Bebington
75%
BEV Beverley
75%
CWM Cwmbran
75%
DAR Darlington
75%
DHM Durham
75%
FAV Faversham
75%
GOO Goole
75%
HGT Harrogate
75%
HEX Hexham
75%
IFD Ilford
75%
PAD London Paddington
75%
OKE Okehampton
75%
ORE Ore
75%
PNZ Penzance
75%
PUR Purley
75%
SET Settle
75%
SHF Sheffield
75%
STU Sturry
75%
SWI Swindon
75%
WIV Wivenhoe
75%
WOO Wool
75%
MEO Meols
71%
ACB Acton Bridge
67%
AXM Axminster
67%
BRK Berwick
67%
BXY Bexley
67%
BYN Bryn
67%
CTN Charlton
67%
CLP Clapham High Street
67%
DEW Dewsbury
67%
DON Doncaster
67%
DTW Droitwich Spa
67%
DDP Dudley Port
67%
EAR Earley
67%
EBT Edenbridge Town
67%
ELO Elton & Orston
67%
ERD Erdington
67%
EXC Exeter Central
67%
EXD Exeter St David's
67%
FEA Featherstone
67%
GRY Grays
67%
HME Hamble
67%
HAT Hatfield
67%
HER Hersham
67%
HON Honiton
67%
HOK Hook
67%
ILK Ilkley
67%
IVY Ivybridge
67%
JHN Johnstone
67%
KPA Kensington Olympia
67%
KNA Knaresborough
67%
LNK Lanark
67%
LAN Lancaster
67%
LEO Leominster
67%
CHX London Charing Cross
67%
LGE Long Eaton
67%
LWT Lowestoft
67%
LYM Lympstone Village
67%
MAC Macclesfield
67%
MCV Manchester Victoria
67%
MGN Marston Green
67%
NFN Nafferton
67%
NMK Newmarket
67%
NBW North Berwick
67%
OXP Oxford Parkway
67%
OXT Oxted
67%
PRB Prestbury
67%
PRE Preston
67%
PUL Pulborough
67%
QPW Queens Park
67%
RUN Runcorn
67%
SDP Sandplace
67%
SXY Saxilby
67%
SHW Shawford
67%
SID Sidcup
67%
SCY South Croydon
67%
SPA Spalding
67%
TFC Telford Central
67%
TIS Tisbury
67%
TOL Tolworth
67%
TON Tonbridge
67%
UPT Upton
67%
WRW Warwick
67%
WNW West Norwood
67%
WSM Weston-super-Mare
67%
WID Widnes
67%
WGN Wigan North Western
67%
WSH Wishaw
67%
WOM Wombwell
67%
WWA Woolwich Arsenal
67%
WKG Workington
67%
WOR Worle
67%
WMD Wymondham
67%
ABD Aberdeen
60%
AMB Ambergate
60%
CMB Cambridge North
60%
CLJ Clapham Junction
60%
DLT Dalton
60%
HUY Huyton
60%
MAN Manchester Piccadilly
60%
MLM Millom
60%
NRN Nairn
60%
PLU Plumstead
60%
SQU Squires Gate
60%
TRO Trowbridge
60%
WBQ Warrington Bank Quay
60%
WEL Wellingborough
60%
CDF Cardiff Central
57%
AGL Abergele & Pensarn
50%
ACH Achnashellach
50%
AWK Adwick
50%
ALX Alexandria
50%
ARD Ardgay
50%
AUI Ardlui
50%
ARL Arlesey
50%
ARM Armadale
50%
AFK Ashford International
50%
APG Aspley Guise
50%
ATH Atherstone
50%
AUD Audley End
50%
AYS Aylesbury
50%
BDK Baldock
50%
BRY Barry
50%
BEU Beaulieu Road
50%
BKJ Beckenham Junction
50%
BEG Beltring
50%
BYK Bentley
50%
BYA Berney Arms
50%
BET Bethnal Green
50%
BEX Bexhill
50%
BPN Blackpool North
50%
BKT Blake Street
50%
BLY Bletchley
50%
BBS Bordesley
50%
BSN Boston
50%
BMH Bournemouth
50%
BTN Brighton
50%
BSY Brondesbury
50%
BXB Broxbourne
50%
BUU Burnham-on-Crouch
50%
CAC Caldercruix
50%
CBH Cambridge Heath
50%
CPU Capenhurst
50%
CSH Carshalton
50%
CHM Chelmsford
50%
CNM Cheltenham Spa
50%
CHP Chipstead
50%
CIM Cilmeri
50%
CLV Claverdon
50%
CLE Cleethorpes
50%
CFC Corfe Castle
50%
CCC Criccieth
50%
CUP Cupar
50%
CUX Cuxton
50%
DMR Dalmuir
50%
DVN Davenport
50%
DWW Dawlish Warren
50%
DOC Devonport Dockyard
50%
ESL Eastleigh
50%
EMD East Midlands Parkway
50%
EBV Ebbw Vale Parkway
50%
EDL Edale
50%
EDP Edinburgh Park
50%
ZEL Elephant & Castle
50%
ELS Elstree & Borehamwood
50%
ENF Enfield Town
50%
EPD Epsom Downs
50%
ESH Esher
50%
EXM Exmouth
50%
FKK Falkirk High
50%
FNB Farnborough
50%
ZFD Farringdon
50%
FLE Fleet
50%
FOD Ford
50%
FOK Four Oaks
50%
FRO Frome
50%
GTW Gatwick Airport
50%
GLT Glenrothes with Thornton
50%
GLO Glossop
50%
GOD Godalming
50%
GRV Gravesend
50%
GBK Greenbank
50%
HAC Hackney Downs
50%
HGF Hag Fold
50%
HAG Hagley
50%
HAS Halesworth
50%
HPD Harpenden
50%
HRW Harrow & Wealdstone
50%
HAP Hatfield Peverel
50%
HWD Hawarden
50%
HWB Hawarden Bridge
50%
HKH Hawkhead
50%
HAZ Hazel Grove
50%
HDG Heald Green
50%
HSB Helsby
50%
HEN Hendon
50%
HFE Hertford East
50%
HYK Hoylake
50%
HNX Hunts Cross
50%
HYT Hyde North
50%
HYH Hythe
50%
ILN Ilkeston
50%
IMW Imperial Wharf
50%
IGD Invergordon
50%
ING Invergowrie
50%
IRL Irlam
50%
IRV Irvine
50%
KEI Keighley
50%
KVD Kelvindale
50%
KLY Kenley
50%
KLN Kings Lynn
50%
KNN Kings Norton
50%
KGS Kings Sutton
50%
KIR Kirkby
50%
LAR Largs
50%
LVM Levenshulme
50%
LSK Liskeard
50%
LIS Liss
50%
LLL Llandeilo
50%
LLE Llanelli
50%
LHE Loch Eil Outward Bound
50%
LOC Lockerbie
50%
WAT London Waterloo
50%
LTG Lostock Gralam
50%
MDN Maiden Newton
50%
MCH March
50%
MYL Maryland
50%
MNN Menston
50%
MIK Micklefield
50%
MKC Milton Keynes Central
50%
MIJ Mitcham Junction
50%
NLS Nailsea & Backwell
50%
NTH Neath
50%
NEM New Malden
50%
NLW Newton-le-Willows
50%
NOR Normanton
50%
NRW Norwich
50%
OKE Okehampton
50%
PKS Parkstone
50%
PWY Patchway
50%
PEM Pemberton
50%
PNW Penge West
50%
PSH Pershore
50%
PBO Peterborough
50%
PEV Pevensey & Westham
50%
PIL Pilning
50%
PSE Pitsea
50%
PLW Pollokshields West
50%
POP Poppleton
50%
PTW Prestwick Town
50%
QBR Queenborough
50%
QPK Queens Park
50%
QRP Queens Road
50%
QUI Quintrell Downs
50%
RDT Radlett
50%
RNM Rainham
50%
RTN Renton
50%
RET Retford
50%
RHL Rhyl
50%
RHY Rhymney
50%
ROC Roche
50%
ROL Rolleston
50%
ROE Rotherhithe
50%
ROW Rowley Regis
50%
RUA Ruabon
50%
SLD Salford Crescent
50%
SAF Salfords
50%
SAL Salisbury
50%
SNR Sanderstead
50%
SDY Sandy
50%
SCA Scarborough
50%
SBY Selby
50%
STJ Severn Tunnel Junction
50%
SHE Sherborne
50%
SIL Sileby
50%
SYB Stalybridge
50%
SRD Stapleton Road
50%
SNH St Helens Central
50%
SJP St James Park
50%
SOT Stoke-on-Trent
50%
SAV Stratford-upon-Avon
50%
SRH Streatham Hill
50%
SHC Streethouse
50%
SWL Swale
50%
SWD Swinderby
50%
SYD Sydenham
50%
TAD Tadworth
50%
TAF Taffs Well
50%
TED Teddington
50%
TLH Tilehurst
50%
TIP Tipton
50%
TVP Tiverton Parkway
50%
TOD Todmorden
50%
TOP Topsham
50%
TOT Totnes
50%
TRE Trefforest Estate
50%
TRI Tring
50%
UDD Uddingston
50%
URM Urmston
50%
VXH Vauxhall
50%
WKD Walkden
50%
WBC Waterbeach
50%
WTR Wateringbury
50%
WFJ Watford Junction
50%
WLI Welling
50%
WCF Westcliff
50%
WDT West Drayton
50%
WES Westerton
50%
WTL Whitland
50%
WGW Wigan Wallgate
50%
WNS Winnersh
50%
WKM Wokingham
50%
WME Woodmansterne
50%
WXC Wrexham Central
50%
WYE Wye
50%
YRM Yarm
50%
YAT Yatton
50%
YVJ Yeovil Junction
50%
YSR Ystrad Rhondda
50%
EPS Epsom
43%
BYI Barry Island
40%
BEH Bedworth
40%
BOE Botley
40%
COL Colchester
40%
CNS Conisbrough
40%
CSA Cosham
40%
DNM Denham
40%
DEE Dundee
40%
EBD Ebbsfleet International
40%
ELG Elgin
40%
FIT Filton Abbey Wood
40%
GFF Gilfach Fargoed
40%
JOH Johnston
40%
LWS Lewes
40%
MHM Merstham
40%
MLH Mill Hill
40%
MSR Minster
40%
OCK Ockendon
40%
OLY Ockley
40%
ORR Orrell
40%
RYH Rye House
40%
SAX Saxmundham
40%
SUT Sutton Coldfield
40%
WLV Wallasey Village
40%
YNW Ynyswen
40%
ADL Adlington
33%
ALB Albrighton
33%
ALM Alnmouth
33%
APF Appleford
33%
ADN Ardrossan Town
33%
ARN Arnside
33%
AUK Auchinleck
33%
BSI Balmossie
33%
BAM Bamford
33%
BNL Barnhill
33%
BIF Barrow-in-Furness
33%
BYD Barry Docks
33%
BSK Basingstoke
33%
BHM Birmingham New Street
33%
BKR Blackridge
33%
BKD Blakedown
33%
BLX Bloxwich
33%
BOD Bodmin Parkway
33%
BON Bolton
33%
BDQ Bradford Forster Square
33%
BFD Brentford
33%
BDB Broadbottom
33%
BUW Burley-in-Wharfedale
33%
BXD Buxted
33%
CAK Cark & Cartmel
33%
CLC Castle Cary
33%
CTR Chester
33%
CHR Christchurch
33%
CLG Claygate
33%
CLH Clitheroe
33%
COB Cooden Beach
33%
CRO Croy
33%
DLK Dalston Kingsland
33%
DEA Deal
33%
DMK Denmark Hill
33%
DBR Derby Road
33%
DWD Dolwyddelan
33%
DKT Dorking West
33%
DUD Duddeston
33%
DUL Dullingham
33%
EGF East Garforth
33%
EWR East Worthing
33%
ECL Eccleston Park
33%
EFF Effingham Junction
33%
EXT Exeter St Thomas
33%
FZW Fitzwilliam
33%
FLN Flint
33%
FLF Flowery Field
33%
FOR Forres
33%
FOX Foxfield
33%
GRF Garforth
33%
GVE Garve
33%
GTY Gatley
33%
GLE Gleneagles
33%
GOM Gomshall
33%
GRK Gourock
33%
GRA Grantham
33%
GNH Greenhithe
33%
GNL Green Lane
33%
GSL Gunnislake
33%
HAB Habrough
33%
HCB Hackbridge
33%
HDM Haddenham & Thame Parkway
33%
HID Hall-i'-th'-Wood
33%
HMC Hampton Court
33%
HAN Hanwell
33%
HRM Harrietsham
33%
HSL Haslemere
33%
HAV Havant
33%
HYL Hayle
33%
HDL Headstone Lane
33%
HLC Helensburgh Central
33%
HMS Helmsdale
33%
HNG Hengoed
33%
HNH Herne Hill
33%
HEV Hever
33%
HWY High Wycombe
33%
HIN Hindley
33%
HLM Holmwood
33%
HOV Hove
33%
HOW Howden
33%
JOR Jordanhill
33%
KMH Kempston Hardwick
33%
KMS Kemsing
33%
KEN Kendal
33%
KKD Kirkdale
33%
LEL Lelant
33%
LIP Liphook
33%
LPY Liverpool South Parkway
33%
LLF Llanfairfechan
33%
LNR Llanwrda
33%
LHA Loch Awe
33%
KGX London Kings Cross
33%
LRD London Road
33%
LGK Longbeck
33%
LOT Lostock
33%
LYD Lydney
33%
MDW Maidstone West
33%
MNG Manningtree
33%
MAR Margate
33%
MRY Maryport
33%
MAY Maybole
33%
MEL Meldreth
33%
MIM Moreton-in-Marsh
33%
MOT Motspur Park
33%
MLD Mouldsworth
33%
NAN Nantwich
33%
NBR Narborough
33%
NBE Newbridge
33%
NEH New Eltham
33%
NVH Newhaven Harbour
33%
NMN New Mills Newtown
33%
NWP Newport
33%
NDL North Dulwich
33%
NUM Northumberland Park
33%
OVR Overton
33%
OXS Oxshott
33%
PYJ Paisley St James
33%
PTT Patterton
33%
PMD Pembroke Dock
33%
PNE Penge East
33%
PMT Polmont
33%
PTA Port Talbot Parkway
33%
PRT Prestatyn
33%
RNF Rainford
33%
RAI Rainham
33%
RAY Raynes Park
33%
RDW Reading West
33%
RDH Redhill
33%
RMD Richmond
33%
RIS Rishton
33%
RMB Roman Bridge
33%
ROO Roose
33%
RUE Runcorn East
33%
RYD Ryde Esplanade
33%
SAE Saltaire
33%
SDW Sandwich
33%
SCU Scunthorpe
33%
SML Sea Mills
33%
SEL Sellafield
33%
SEG Selling
33%
SDE Shadwell
33%
SHN Shanklin
33%
SIA Southend Airport
33%
SPR Springburn
33%
SSD Stansted Airport
33%
SCS Starcross
33%
SVG Stevenage
33%
SMT St Margarets
33%
STM St Michaels
33%
SKS Stocksfield
33%
SOO Strood
33%
SUG Sugar Loaf
33%
SUN Sunderland
33%
TAC Tackley
33%
TEN Tenby
33%
TTH Thornton Heath
33%
TUT Tutbury & Hatton
33%
TWI Twickenham
33%
TWY Twyford
33%
ULC Ulceby
33%
WGV Wargrave
33%
WGC Welwyn Garden City
33%
WDU West Dulwich
33%
WEA West Ealing
33%
WEH West Ham
33%
WBR Whaley Bridge
33%
WTE Whitlocks End
33%
WLE Whittlesea
33%
WIC Wickford
33%
WSE Winchelsea
33%
WNR Windsor & Eton Riverside
33%
WTT Witton
33%
WOL Wolverton
33%
WLS Woolston
33%
WCP Worcester Park
33%
YSM Ystrad Mynach
33%
ADK Ardwick
29%
AFS Ashford
29%
CHC Charing Cross
29%
CRV Craven Arms
29%
DMH Dilton Marsh
29%
DUR Durrington-on-Sea
29%
HOU Hounslow
29%
WDD Widdrington
29%
AVY Aberdovey
25%
AML Acton Main Line
25%
AYP Albany Park
25%
ASG Alsager
25%
ANC Ancaster
25%
APP Appleby
25%
AHD Ashtead
25%
ASK Askam
25%
AST Aston
25%
ATN Atherton
25%
ATB Attenborough
25%
BAJ Baglan
25%
BHG Bathgate
25%
BDW Bedwyn
25%
BEF Benfleet
25%
BXH Bexleyheath
25%
BPS Blackpool South
25%
BAW Blackwater
25%
BOT Bootle Oriel Road
25%
BGG Brigg
25%
BSV Buckshaw Parkway
25%
BLW Bulwell
25%
BUY Burley Park
25%
CSK Calstock
25%
CBN Camborne
25%
CMO Camelon
25%
CDB Cardiff Bay
25%
CDQ Cardiff Queen Street
25%
CDR Cardross
25%
CAU Causeland
25%
CED Cheddington
25%
CLY Chinley
25%
CLW Chorleywood
25%
CKL Corkickle
25%
CSG Cressington
25%
CKY Crosskeys
25%
DGT Deansgate
25%
DRF Driffield
25%
DOT Dunston
25%
ERL Earlestown
25%
EBN Eastbourne
25%
EDW East Dulwich
25%
EKL East Kilbride
25%
EGY Edinburgh Gateway
25%
EGT Egton
25%
EMS Emsworth
25%
ENC Enfield Chase
25%
ENL Enfield Lock
25%
EXG Exhibition Centre
25%
FNC Farncombe
25%
FLX Felixstowe
25%
FGW Fishguard & Goodwick
25%
FLT Flitwick
25%
FBY Formby
25%
GLS Glaisdale
25%
GDN Godstone
25%
GOF Golf Street
25%
GPO Gospel Oak
25%
GMN Great Missenden
25%
GUN Gunnersbury
25%
HTN Hatton
25%
HML Hemel Hempstead
25%
HUN Huntingdon
25%
INK Inverkeithing
25%
JCH James Cook
25%
KML Kemsley
25%
KTW Kentish Town West
25%
KIV Kiveton Bridge
25%
KVP Kiveton Park
25%
LRG Lairg
25%
LEB Lea Bridge
25%
LEG Lea Green
25%
LMS Leamington Spa
25%
LCN Lincoln Central
25%
LVG Livingston South
25%
LTH Llanhilleth
25%
LLW Llwyngwril
25%
CST London Cannon Street
25%
MZH Maze Hill
25%
MCE MetroCentre
25%
MIC Micheldever
25%
MIL Mill Hill Broadway
25%
MLY Morley
25%
NBY Newbury
25%
NVN Newhaven Town
25%
NHL New Holland
25%
NNT Nunthorpe
25%
NUF Nutfield
25%
PDG Padgate
25%
PBY Pembrey & Burry Port
25%
PNR Penrith
25%
PES Pensarn
25%
PNF Penyffordd
25%
PET Petts Wood
25%
PLC Pluckley
25%
PPD Pontypridd
25%
PTC Portchester
25%
PLD Portslade
25%
PMH Portsmouth Harbour
25%
PWL Pwllheli
25%
RAM Ramsgate
25%
RAU Rauceby
25%
RCC Redcar Central
25%
RFD Rochford
25%
RUF Rufford
25%
SVS Seven Sisters
25%
SSS Sheerness-on-Sea
25%
SMB Smithy Bridge
25%
SOA Southampton Airport Parkway
25%
SPO Spondon
25%
SIV St Ives
25%
SOI Stow
25%
SNY Sunnymeads
25%
THA Thatcham
25%
THI Thirsk
25%
TTN Totton
25%
TRD Troed-y-rhiw
25%
TUL Tulloch
25%
UMB Umberleigh
25%
UPW Upwey
25%
WLO Waterloo
25%
WFI Westerfield
25%
WLY Woodley
25%
YAL Yalding
25%
DTG Dinting
22%
AYW Aberystwyth
20%
AIR Airbles
20%
ANG Angmering
20%
BTB Barnetby
20%
BVD Belvedere
20%
BKM Berkhamsted
20%
BID Bidston
20%
BHI Birmingham International
20%
BAI Blairhill
20%
BMD Brimsdown
20%
BMR Bromborough Rake
20%
BGL Bugle
20%
BUT Burton-on-Trent
20%
CHI Chingford
20%
CLK Clock House
20%
CBS Coatbridge Sunnyside
20%
CMF Cromford
20%
DLM Delamere
20%
DIN Dingwall
20%
DSL Disley
20%
DIS Diss
20%
DOW Downham Market
20%
DNO Dunrobin Castle
20%
ECR East Croydon
20%
FRT Frant
20%
GNB Gainsborough Central
20%
HIP Highams Park
20%
HLB Hildenborough
20%
HPT Hopton Heath
20%
HIR Horton-in-Ribblesdale
20%
HUB Hunmanby
20%
LKE Lake
20%
LPW Lapworth
20%
LEU Leuchars
20%
LLA Llanaber
20%
LDN Llandanwg
20%
STP London St Pancras International
20%
MCN Machynlleth
20%
MST Maesteg
20%
MIA Manchester Airport
20%
MFF Minffordd
20%
MOB Mobberley
20%
MTN Moreton
20%
DBG Mottisfont & Dunbridge
20%
NMT Needham Market
20%
NNG Newark North Gate
20%
NMC New Mills Central
20%
NWE Newport
20%
NLT Northolt Park
20%
PGN Paignton
20%
PNL Pannal
20%
PEN Penarth
20%
PNM Penmere
20%
PLS Pleasington
20%
PMP Plumpton
20%
SDL Sandhills
20%
SEF Seaford
20%
SHL Shawlands
20%
SAJ St Johns
20%
SBP Stonebridge Park
20%
SWN Swinton
20%
THU Thurgarton
20%
TRM Trimley
20%
WBL Warblington
20%
WAR Ware
20%
WMG Welham Green
20%
WSB Westbury
20%
WCY West Croydon
20%
WNM Weston Milton
20%
WCH Whitchurch
20%
WHY Whyteleafe
20%
ASP Aspatria
17%
ATL Attleborough
17%
BCH Birchington-on-sea
17%
BDY Bredbury
17%
BUK Bucknell
17%
CTM Chatham
17%
CHL Chilworth
17%
CKS Clarkston
17%
CFN Clifton Down
17%
CBC Coatbridge Central
17%
CWL Colwall
17%
CFL Crossflatts
17%
ERI Eridge
17%
FFA Ffairfach
17%
FSG Fishersgate
17%
GIG Giggleswick
17%
GNT Gunton
17%
HAD Haddiscoe
17%
HOR Horley
17%
INR Inverurie
17%
LFD Lingfield
17%
LCG Lochgelly
17%
MDE Maidstone East
17%
MOS Moss Side
17%
NWX New Cross
17%
NXG New Cross Gate
17%
NTR Northallerton
17%
NWD Norwood Junction
17%
PMS Portsmouth & Southsea
17%
RHI Rhiwbina
17%
SHD Shildon
17%
SPP Shippea Hill
17%
STL Southall
17%
SBV St Budeaux Victoria Road
17%
STN Stonehaven
17%
STW Strawberry Hill
17%
TLC Tal-y-Cafn
17%
TGM Teignmouth
17%
UPL Upholland
17%
WNE Wilnecote
17%
WNF Winchfield
17%
WGR Woodgrange Park
17%
WPL Worplesdon
17%
AMY Amberley
14%
BLH Bellshill
14%
BWK Berwick-upon-Tweed
14%
BNC Burnley Central
14%
CSY Coseley
14%
CKN Crewkerne
14%
DTN Denton
14%
ERA Eastham Rake
14%
HNB Herne Bay
14%
HYD Heyford
14%
KWB Kew Bridge
14%
KWG Kew Gardens
14%
RYB Roy Bridge
14%
SHO Sholing
14%
SMG St Margarets
14%
WGT Wigton
14%
YOK Yoker
14%
EGG Eggesford
13%
SPY Shepley
13%
ACY Abercynon
0%
ABA Aberdare
0%
AUR Aberdour
0%
ABH Abererch
0%
AAT Achanalt
0%
ACN Achnasheen
0%
ACK Acklington
0%
ACL Acle
0%
ACG Acocks Green
0%
ACC Acton Central
0%
ADD Adderley Park
0%
ASN Addlestone
0%
ADM Adisham
0%
ADC Adlington
0%
ANS Ainsdale
0%
AIN Aintree
0%
ADR Airdrie
0%
ALD Alderley Edge
0%
AMT Aldermaston
0%
AHT Aldershot
0%
AAP Alexandra Palace
0%
AXP Alexandra Parade
0%
ALW Allens West
0%
ASS Alness
0%
ALR Alresford
0%
ALN Althorne
0%
ALP Althorpe
0%
ABC Altnabreac
0%
AON Alton
0%
ALV Alvechurch
0%
AMR Amersham
0%
AMF Ammanford
0%
AND Anderston
0%
ADV Andover
0%
ANZ Anerley
0%
ANN Annan
0%
ANL Anniesland
0%
AFV Ansdell & Fairhaven
0%
APY Apperley Bridge
0%
APB Appley Bridge
0%
ADS Ardrossan Harbour
0%
ASB Ardrossan South Beach
0%
AGS Argyle Street
0%
ARG Arisaig
0%
AWT Armathwaite
0%
ARR Arram
0%
ART Arrochar & Tarbet
0%
ACT Ascot
0%
AUW Ascott-under-Wychwood
0%
ABY Ashburys
0%
ASC Ashchurch for Tewkesbury
0%
ASF Ashfield
0%
ASI Ashford International
0%
ASY Ashley
0%
AHN Ashton-under-Lyne
0%
AHS Ashurst
0%
ANF Ashurst New Forest
0%
AHV Ash Vale
0%
ALK Aslockton
0%
ATT Attadale
0%
AUG Aughton Park
0%
AVF Avoncliff
0%
AVN Avonmouth
0%
AVP Aylesbury Vale Parkway
0%
AYL Aylesford
0%
AYH Aylesham
0%
BAG Bagshot
0%
BLD Baildon
0%
BIO Baillieston
0%
BAB Balcombe
0%
BHC Balloch
0%
BMB Bamber Bridge
0%
BNV Banavie
0%
BNG Bangor
0%
BAH Bank Hall
0%
BAD Banstead
0%
BSS Barassie
0%
ZBB Barbican
0%
BLL Bardon Mill
0%
BAR Bare Lane
0%
BGI Bargeddie
0%
BGD Bargoed
0%
BKG Barking
0%
BRT Barlaston
0%
BMG Barming
0%
BRM Barmouth
0%
BNH Barnehurst
0%
BNS Barnes
0%
BNI Barnes Bridge
0%
BAA Barnham
0%
BNY Barnsley
0%
BNP Barnstaple
0%
BTG Barnt Green
0%
BRR Barrhead
0%
BRL Barrhill
0%
BAV Barrow Haven
0%
BWS Barrow-Upon-Soar
0%
BYL Barry Links
0%
BAU Barton-on-Humber
0%
BSO Basildon
0%
BBL Bat & Ball
0%
BTL Batley
0%
BTT Battersby
0%
BAK Battersea Park
0%
BAT Battle
0%
BLB Battlesbridge
0%
BAY Bayford
0%
BCF Beaconsfield
0%
BER Bearley
0%
BRN Bearsden
0%
BSL Beasdale
0%
BEL Beauly
0%
BCC Beccles
0%
BEC Beckenham Hill
0%
BDM Bedford
0%
BSJ Bedford St Johns
0%
BDH Bedhampton
0%
BMT Bedminster
0%
BKS Bekesbourne
0%
BLV Belle Vue
0%
BLG Bellgrove
0%
BGM Bellingham
0%
BLM Belmont
0%
BLP Belper
0%
BEY Ben Rhydding
0%
BEN Bentham
0%
BTY Bentley
0%
BAS Bere Alston
0%
BFE Bere Ferrers
0%
BKW Berkswell
0%
BEP Bermuda Park
0%
BBW Berry Brow
0%
BRS Berrylands
0%
BES Bescar Lane
0%
BSC Bescot Stadium
0%
BTO Betchworth
0%
BYC Betws-y-Coed
0%
BCS Bicester North
0%
BIT Bicester Village
0%
BKL Bickley
0%
BIW Biggleswade
0%
BBK Bilbrook
0%
BIC Billericay
0%
BIL Billingham
0%
BIG Billingshurst
0%
BIN Bingham
0%
BIY Bingley
0%
BCG Birchgrove
0%
BWD Birchwood
0%
BIK Birkbeck
0%
BDL Birkdale
0%
BKC Birkenhead Central
0%
BKQ Birkenhead Hamilton Square
0%
BKN Birkenhead North
0%
BKP Birkenhead Park
0%
BMO Birmingham Moor Street
0%
BSW Birmingham Snow Hill
0%
BIA Bishop Auckland
0%
BBG Bishopbriggs
0%
BIS Bishops Stortford
0%
BIP Bishopstone
0%
BPT Bishopton
0%
BTE Bitterne
0%
BKH Blackheath
0%
BHO Blackhorse Road
0%
BPB Blackpool Pleasure Beach
0%
BLK Blackrod
0%
BFF Blaenau Ffestiniog
0%
BLA Blair Atholl
0%
BLT Blantyre
0%
BLO Blaydon
0%
BSB Bleasby
0%
BWN Bloxwich North
0%
BLN Blundellsands & Crosby
0%
BYB Blythe Bridge
0%
BOR Bodorgan
0%
BOG Bognor Regis
0%
BGS Bogston
0%
BTD Bolton-Upon-Dearne
0%
BKA Bookham
0%
BOC Bootle
0%
BNW Bootle New Strand
0%
BRG Borough Green & Wrotham
0%
BRH Borth
0%
BOH Bosham
0%
BTF Bottesford
0%
BNE Bourne End
0%
BRV Bournville
0%
BWB Bow Brickhill
0%
BOP Bowes Park
0%
BWG Bowling
0%
BXW Box Hill & Westhumble
0%
BCE Bracknell
0%
BDI Bradford Interchange
0%
BOA Bradford-on-Avon
0%
BDN Brading
0%
BTR Braintree
0%
BTP Braintree Freeport
0%
BML Bramhall
0%
BMY Bramley
0%
BLE Bramley
0%
BMP Brampton
0%
BRP Brampton
0%
BND Brandon
0%
BSM Branksome
0%
BYS Braystones
0%
BRC Breich
0%
BRE Brentwood
0%
BWO Bricket Wood
0%
BGN Bridgend
0%
BEA Bridge of Allan
0%
BRO Bridge of Orchy
0%
BDG Bridgeton
0%
BWT Bridgwater
0%
BDT Bridlington
0%
BRF Brierfield
0%
BGH Brighouse
0%
BNT Brinnington
0%
BPW Bristol Parkway
0%
BRI Bristol Temple Meads
0%
BHD Brithdir
0%
BNF Briton Ferry
0%
BRX Brixton
0%
BGE Broad Green
0%
BSR Broadstairs
0%
BCU Brockenhurst
0%
BHS Brockholes
0%
BCY Brockley
0%
BOM Bromborough
0%
BMC Bromley Cross
0%
BMN Bromley North
0%
BMS Bromley South
0%
BMV Bromsgrove
0%
BSP Brondesbury Park
0%
BKO Brookwood
0%
BME Broome
0%
BMF Broomfleet
0%
BRA Brora
0%
BUH Brough
0%
BYF Broughty Ferry
0%
BCV Bruce Grove
0%
BDA Brundall
0%
BGA Brundall Gardens
0%
BSU Brunstane
0%
BRW Brunswick
0%
BRU Bruton
0%
BUC Buckenham
0%
BCK Buckley
0%
BHR Builth Road
0%
BUE Bures
0%
BUG Burgess Hill
0%
BNA Burnage
0%
BUD Burneside
0%
BNM Burnham
0%
BYM Burnley Manchester Road
0%
BUI Burnside
0%
BTS Burntisland
0%
BCB Burscough Bridge
0%
BCJ Burscough Junction
0%
BUO Bursledon
0%
BUJ Burton Joyce
0%
BSE Bury St Edmunds
0%
BUS Busby
0%
BSH Bushey
0%
BHK Bush Hill Park
0%
BUL Butlers Lane
0%
BFN Byfleet & New Haw
0%
BYE Bynea
0%
CAD Cadoxton
0%
CGW Caergwrle
0%
CPH Caerphilly
0%
CWS Caersws
0%
CDT Caldicot
0%
CIR Caledonian Rd & Barnsbury
0%
CAM Camberley
0%
CBL Cambuslang
0%
CMD Camden Road
0%
CDU Cam & Dursley
0%
ZCW Canada Water
0%
CNL Canley
0%
CAO Cannock
0%
CNN Canonbury
0%
CBE Canterbury East
0%
CBW Canterbury West
0%
CNY Cantley
0%
CBB Carbis Bay
0%
CDD Cardenden
0%
CDO Cardonald
0%
CRF Carfin
0%
CTO Carlton
0%
CLU Carluke
0%
CMN Carmarthen
0%
CML Carmyle
0%
CNF Carnforth
0%
CAN Carnoustie
0%
CAY Carntyne
0%
CPK Carpenders Park
0%
CAG Carrbridge
0%
CSB Carshalton Beeches
0%
CRS Carstairs
0%
CDY Cartsdyke
0%
CBP Castle Bar Park
0%
CFD Castleford
0%
CAS Castleton
0%
CSM Castleton Moor
0%
CAT Caterham
0%
CTF Catford
0%
CFB Catford Bridge
0%
CYS Cathays
0%
CCT Cathcart
0%
CTL Cattal
0%
CYB Cefn-y-Bedd
0%
CTH Chadwell Heath
0%
CFH Chafford Hundred Lakeside
0%
CHW Chalkwell
0%
CFR Chandlers Ford
0%
CEF Chapel-en-le-Frith
0%
CPN Chapelton
0%
CLN Chapeltown
0%
CWC Chappel & Wakes Colne
0%
CHG Charing
0%
CBY Charlbury
0%
CRT Chartham
0%
CSR Chassen Road
0%
CTE Chatelherault
0%
CHT Chathill
0%
CHU Cheadle Hulme
0%
CHE Cheam
0%
CEL Chelford
0%
CLD Chelsfield
0%
CPW Chepstow
0%
CYT Cherry Tree
0%
CHY Chertsey
0%
CHN Cheshunt
0%
CSN Chessington North
0%
CSS Chessington South
0%
CHD Chesterfield
0%
CLS Chester-le-Street
0%
CRD Chester Road
0%
CSW Chestfield & Swalecliffe
0%
CNO Chetnole
0%
CCH Chichester
0%
CIL Chilham
0%
CPM Chippenham
0%
CRK Chirk
0%
CIT Chislehurst
0%
CHK Chiswick
0%
CHO Cholsey
0%
CRL Chorley
0%
CHH Christs Hospital
0%
CHF Church Fenton
0%
CTW Church & Oswaldtwistle
0%
CTT Church Stretton
0%
CTK City Thameslink
0%
CLT Clacton-on-Sea
0%
CLA Clandon
0%
CPY Clapham
0%
CPT Clapton
0%
CLR Clarbeston Road
0%
CEA Cleland
0%
CUW Clunderwen
0%
CYK Clydebank
0%
COA Coatdyke
0%
CSD Cobham & Stoke d'Abernon
0%
CSL Codsall
0%
CGN Cogan
0%
CET Colchester Town
0%
CEH Coleshill Parkway
0%
CLM Collingham
0%
CLL Collington
0%
CNE Colne
0%
CWB Colwyn Bay
0%
CME Combe
0%
COM Commondale
0%
CNG Congleton
0%
CON Connel Ferry
0%
CBD Conon Bridge
0%
CEY Cononley
0%
CNP Conway Park
0%
CNW Conwy
0%
COO Cookham
0%
CBR Cooksbridge
0%
COE Coombe Junction Halt
0%
COP Copplestone
0%
CRB Corbridge
0%
CKH Corkerhill
0%
CPA Corpach
0%
CRR Corrour
0%
COY Coryton
0%
CGM Cottingham
0%
CDS Coulsdon South
0%
CDN Coulsdon Town
0%
CAA Coventry Arena
0%
CWN Cowden
0%
COW Cowdenbeath
0%
CRA Cradley Heath
0%
CGD Craigendoran
0%
CRM Cramlington
0%
CBK Cranbrook
0%
CRW Crawley
0%
CRY Crayford
0%
CDI Crediton
0%
CES Cressing
0%
CWD Creswell
0%
CWH Crews Hill
0%
CNR Crianlarich
0%
CRI Cricklewood
0%
CFF Croftfoot
0%
CFT Crofton Park
0%
CMR Cromer
0%
CKT Crookston
0%
CRG Cross Gates
0%
COI Crosshill
0%
CMY Crossmyloof
0%
CSO Croston
0%
CRH Crouch Hill
0%
COH Crowborough
0%
CWU Crowhurst
0%
CWE Crowle
0%
CRN Crowthorne
0%
CYP Crystal Palace
0%
CUD Cuddington
0%
CUF Cuffley
0%
CUM Culham
0%
CUA Culrain
0%
CUB Cumbernauld
0%
CUH Curriehill
0%
CMH Cwmbach
0%
CYN Cynghordy
0%
DDK Dagenham Dock
0%
DSY Daisy Hill
0%
DAG Dalgety Bay
0%
DAL Dalmally
0%
DAK Dalmarnock
0%
DAM Dalmeny
0%
DLR Dalreoch
0%
DLY Dalry
0%
DLS Dalston
0%
DLJ Dalston Junction
0%
DLW Dalwhinnie
0%
DNY Danby
0%
DCT Danescourt
0%
DZY Danzey
0%
DAN Darnall
0%
DSM Darsham
0%
DFD Dartford
0%
DRT Darton
0%
DWN Darwen
0%
DAT Datchet
0%
DWL Dawlish
0%
DEN Dean
0%
DGY Deganwy
0%
DHN Deighton
0%
DBD Denby Dale
0%
DGC Denham Golf Club
0%
DPT Devonport
0%
DIG Digby & Sowton
0%
DMG Dinas
0%
DNS Dinas Powys
0%
DGL Dingle Road
0%
DND Dinsdale
0%
DOD Dodworth
0%
DOL Dolau
0%
DLH Doleham
0%
DCH Dorchester South
0%
DCW Dorchester West
0%
DKG Dorking
0%
DPD Dorking Deepdene
0%
DMS Dormans
0%
DDG Dorridge
0%
DVH Dove Holes
0%
DVC Dovercourt
0%
DRG Drayton Green
0%
DYP Drayton Park
0%
DRM Drem
0%
DRI Drigg
0%
DRO Dronfield
0%
DMC Drumchapel
0%
DFR Drumfrochar
0%
DRU Drumgelloch
0%
DFP Dublin Ferryport
0%
DPS Dublin Port - Stena
0%
DRN Duirinish
0%
DST Duke Street
0%
DBC Dumbarton Central
0%
DBE Dumbarton East
0%
DUM Dumbreck
0%
DMF Dumfries
0%
DUN Dunbar
0%
DBL Dunblane
0%
DCG Duncraig
0%
DFL Dunfermline Queen Margaret
0%
DFE Dunfermline Town
0%
DKD Dunkeld & Birnam
0%
DNL Dunlop
0%
DNG Dunton Green
0%
DYC Dyce
0%
DYF Dyffryn Ardudwy
0%
EAG Eaglescliffe
0%
EAD Earlsfield
0%
ELD Earlswood
0%
EWD Earlswood
0%
EBK Eastbrook
0%
EDY East Didsbury
0%
EST Easterhouse
0%
EFL East Farleigh
0%
EGR East Grinstead
0%
EML East Malling
0%
EGN Eastrington
0%
ETL East Tilbury
0%
EBB Ebbw Vale Town
0%
ECS Eccles Road
0%
EBR Edenbridge
0%
EDN Eden Park
0%
EDG Edge Hill
0%
EDR Edmonton Green
0%
EGH Egham
0%
EPH Elephant & Castle
0%
ELP Ellesmere Port
0%
ELE Elmers End
0%
ESD Elmstead Woods
0%
ESW Elmswell
0%
ELR Elsecar
0%
ESM Elsenham
0%
ELW Eltham
0%
EMP Emerson Park
0%
ECP Energlyn & Churchill Park
0%
ENT Entwistle
0%
ERH Erith
0%
EKB Eskbank
0%
EXR Essex Road
0%
ETC Etchingham
0%
EBA Euxton Balshaw Lane
0%
EWE Ewell East
0%
EWW Ewell West
0%
EXN Exton
0%
EYN Eynsford
0%
FRB Fairbourne
0%
FRF Fairfield
0%
FRL Fairlie
0%
FRW Fairwater
0%
FCN Falconwood
0%
FKG Falkirk Grahamston
0%
FOC Falls of Cruachan
0%
FMR Falmer
0%
FAL Falmouth Docks
0%
FMT Falmouth Town
0%
FRM Fareham
0%
FNN Farnborough North
0%
FNH Farnham
0%
FNR Farningham Road
0%
FNW Farnworth
0%
FLD Fauldhouse
0%
FGT Faygate
0%
FAZ Fazakerley
0%
FRN Fearn
0%
FNT Feniton
0%
FEN Fenny Stratford
0%
FER Fernhill
0%
FRY Ferriby
0%
FYS Ferryside
0%
FNY Finchley Road & Frognal
0%
FIN Finstock
0%
FSB Fishbourne
0%
FGH Fishguard Harbour
0%
FSK Fiskerton
0%
FWY Five Ways
0%
FLM Flimby
0%
FLI Flixton
0%
FKC Folkestone Central
0%
FKW Folkestone West
0%
FOG Forest Gate
0%
FOH Forest Hill
0%
FRS Forsinard
0%
FTM Fort Matilda
0%
FTW Fort William
0%
FXN Foxton
0%
FTN Fratton
0%
FRE Freshfield
0%
FFD Freshford
0%
FML Frimley
0%
FRI Frinton-on-Sea
0%
FZH Frizinghall
0%
FRD Frodsham
0%
FLW Fulwell
0%
FNV Furness Vale
0%
GBL Gainsborough Lea Road
0%
GAL Galashiels
0%
GCH Garelochhead
0%
GGV Gargrave
0%
GAR Garrowhill
0%
GRS Garscadden
0%
GSD Garsdale
0%
GSN Garston
0%
GSW Garswood
0%
GRH Gartcosh
0%
GMG Garth
0%
GTH Garth
0%
GST Gathurst
0%
GGJ Georgemas Junction
0%
GER Gerrards Cross
0%
GDP Gidea Park
0%
GFN Giffnock
0%
GBD Gilberdyke
0%
GLM Gillingham
0%
GSC Gilshochill
0%
GIP Gipsy Hill
0%
GIR Girvan
0%
GCW Glan Conwy
0%
GLH Glasshoughton
0%
GLZ Glazebrook
0%
GLF Glenfinnan
0%
GLG Glengarnock
0%
GCR Gloucester
0%
GLY Glynde
0%
GOB Gobowen
0%
GDL Godley
0%
GOE Goldthorpe
0%
GOL Golspie
0%
GMY Goodmayes
0%
GTR Goostrey
0%
GDH Gordon Hill
0%
GBG Gorebridge
0%
GBS Goring-by-Sea
0%
GOR Goring & Streatley
0%
GTO Gorton
0%
GWN Gowerton
0%
GOX Goxhill
0%
GOS Grange-Over-Sands
0%
GPK Grange Park
0%
GTN Grangetown
0%
GRT Grateley
0%
GVH Gravelly Hill
0%
GTA Great Ayton
0%
GRB Great Bentley
0%
GRC Great Chesterford
0%
GCT Great Coates
0%
GMV Great Malvern
0%
GYM Great Yarmouth
0%
GRL Greenfaulds
0%
GFD Greenford
0%
GKC Greenock Central
0%
GKW Greenock West
0%
GNR Green Road
0%
GNW Greenwich
0%
GEA Gretna Green
0%
GMD Grimsby Docks
0%
GMB Grimsby Town
0%
GRN Grindleford
0%
GMT Grosmont
0%
GRP Grove Park
0%
GUI Guide Bridge
0%
GLD Guildford
0%
GSY Guiseley
0%
GWE Gwersyllt
0%
GYP Gypsy Lane
0%
HKC Hackney Central
0%
HKW Hackney Wick
0%
HDF Hadfield
0%
HDW Hadley Wood
0%
HGG Haggerston
0%
HMY Hairmyres
0%
HAL Hale
0%
HED Halewood
0%
HLG Hall Green
0%
HAI Halling
0%
HLR Hall Road
0%
HWH Haltwhistle
0%
HNC Hamilton Central
0%
HNW Hamilton West
0%
HMM Hammerton
0%
HMD Hampden Park
0%
HDH Hampstead Heath
0%
HMP Hampton
0%
HIA Hampton-in-Arden
0%
HMW Hampton Wick
0%
HSD Hamstead
0%
HMT Ham Street
0%
HAM Hamworthy
0%
HND Hanborough
0%
HTH Handforth
0%
HPN Hapton
0%
HRL Harlech
0%
HDN Harlesden
0%
HRD Harling Road
0%
HLN Harlington
0%
HWM Harlow Mill
0%
HWN Harlow Town
0%
HRO Harold Wood
0%
HGY Harringay
0%
HRY Harringay Green Lanes
0%
HRR Harrington
0%
HOH Harrow-on-the-Hill
0%
HTF Hartford
0%
HBY Hartlebury
0%
HPL Hartlepool
0%
HTW Hartwood
0%
HPQ Harwich International
0%
HWC Harwich Town
0%
HSK Hassocks
0%
HGS Hastings
0%
HTE Hatch End
0%
HFS Hatfield & Stainforth
0%
HSG Hathersage
0%
HTY Hattersley
0%
HVN Havenhouse
0%
HVF Haverfordwest
0%
HDB Haydon Bridge
0%
HYR Haydons Road
0%
HAY Hayes & Harlington
0%
HHE Haywards Heath
0%
HCN Headcorn
0%
HDY Headingley
0%
HLI Healing
0%
HHL Heath High Level
0%
HLL Heath Low Level
0%
HAF Heathrow Airport Terminal 4
0%
HWV Heathrow Airport Terminal 5
0%
HXX Heathrow Airport Terminals 1, 2 and 3
0%
HTC Heaton Chapel
0%
HBD Hebden Bridge
0%
HEC Heckington
0%
HDE Hedge End
0%
HNF Hednesford
0%
HEI Heighington
0%
HLU Helensburgh Upper
0%
HLD Hellifield
0%
HNL Henley-in-Arden
0%
HOT Henley-on-Thames
0%
HEL Hensall
0%
HFN Hertford North
0%
HES Hessle
0%
HSW Heswall
0%
HEW Heworth
0%
HHB Heysham Port
0%
HGM Higham
0%
HIG Highbridge & Burnham
0%
HIB High Brooms
0%
HHY Highbury & Islington
0%
HST High Street
0%
ZHS High Street Kensington Underground
0%
HTO Hightown
0%
HLF Hillfoot
0%
HLE Hillington East
0%
HLW Hillington West
0%
HIL Hillside
0%
HLS Hilsea
0%
HYW Hinchley Wood
0%
HNK Hinckley
0%
HNA Hinton Admiral
0%
HIT Hitchin
0%
HGR Hither Green
0%
HBN Hollingbourne
0%
HCH Holmes Chapel
0%
HOL Holton Heath
0%
HHD Holyhead
0%
HLY Holytown
0%
HMN Homerton
0%
HYB Honeybourne
0%
HOY Honley
0%
HPA Honor Oak Park
0%
HOP Hope
0%
HPE Hope
0%
HRE Horden
0%
HBP Hornbeam Park
0%
HRN Hornsey
0%
HRS Horsforth
0%
HRH Horsham
0%
HSY Horsley
0%
HWI Horwich Parkway
0%
HSC Hoscar
0%
HGN Hough Green
0%
HXM Hoveton & Wroxham
0%
HWW How Wood
0%
HOZ Howwood
0%
HBB Hubberts Bridge
0%
HKN Hucknall
0%
HUP Humphrey Park
0%
HCT Huncoat
0%
HGD Hungerford
0%
HNT Huntly
0%
HUR Hurst Green
0%
HUT Hutton Cranswick
0%
HYC Hyde Central
0%
HKM Hykeham
0%
HYN Hyndland
0%
IBM IBM Halt
0%
IFI Ifield
0%
INC Ince
0%
INT Ingatestone
0%
INS Insch
0%
INP Inverkip
0%
INH Invershin
0%
ISL Isleworth
0%
ISP Islip
0%
IVR Iver
0%
KSL Kearsley
0%
KSN Kearsney
0%
KEH Keith
0%
KEL Kelvedon
0%
KEM Kemble
0%
KMP Kempton Park Racecourse
0%
KNW Kenilworth
0%
KNE Kennett
0%
KNS Kennishead
0%
KNL Kensal Green
0%
KNR Kensal Rise
0%
KTH Kent House
0%
KTN Kentish Town
0%
KNT Kenton
0%
KBK Kents Bank
0%
KEY Keyham
0%
KYN Keynsham
0%
KDB Kidbrooke
0%
KDG Kidsgrove
0%
KWL Kidwelly
0%
KBN Kilburn High Road
0%
KLD Kildale
0%
KIL Kildonan
0%
KGT Kilgetty
0%
KMK Kilmarnock
0%
KLM Kilmaurs
0%
KPT Kilpatrick
0%
KWN Kilwinning
0%
KBC Kinbrace
0%
KGM Kingham
0%
KGH Kinghorn
0%
KGE Kingsknowe
0%
KGL Kings Langley
0%
KGN Kings Nympton
0%
KGP Kings Park
0%
KNG Kingston
0%
KND Kingswood
0%
KIN Kingussie
0%
KIT Kintbury
0%
KBX Kirby Cross
0%
KKB Kirkby-in-Ashfield
0%
KBF Kirkby-in-Furness
0%
KSW Kirkby Stephen
0%
KDY Kirkcaldy
0%
KRK Kirkconnel
0%
KKH Kirkhill
0%
KKN Kirknewton
0%
KKS Kirk Sandall
0%
KLF Kirkstall Forge
0%
KWD Kirkwood
0%
KTL Kirton Lindsey
0%
KBW Knebworth
0%
KCK Knockholt
0%
KNU Knucklas
0%
KNF Knutsford
0%
KYL Kyle of Lochalsh
0%
LDY Ladybank
0%
LAD Ladywell
0%
LAI Laindon
0%
LAK Lakenheath
0%
LAM Lamphey
0%
LAC Lancing
0%
LAW Landywood
0%
LGB Langbank
0%
LHO Langho
0%
LNY Langley
0%
LGG Langley Green
0%
LGM Langley Mill
0%
LGS Langside
0%
LGW Langwathby
0%
LAG Langwith-Whaley Thorns
0%
LAP Lapford
0%
LBT Larbert
0%
LRH Larkhall
0%
LAU Laurencekirk
0%
LWH Lawrence Hill
0%
LAY Layton
0%
LZB Lazonby & Kirkoswald
0%
LEA Leagrave
0%
LEH Lea Hall
0%
LHM Lealholm
0%
LSW Leasowe
0%
LHD Leatherhead
0%
LED Ledbury
0%
LIH Leigh
0%
LES Leigh-on-Sea
0%
LBZ Leighton Buzzard
0%
LTS Lelant Saltings
0%
LEN Lenham
0%
LNZ Lenzie
0%
LET Letchworth Garden City
0%
LEY Leyland
0%
LEM Leyton Midland Road
0%
LER Leytonstone High Road
0%
LIC Lichfield City
0%
LTV Lichfield Trent Valley
0%
LHS Limehouse
0%
LGD Lingwood
0%
LIN Linlithgow
0%
LVT Lisvane & Thornhill
0%
LTL Littleborough
0%
LIT Littlehampton
0%
LVN Littlehaven
0%
LTK Little Kimble
0%
LTT Little Sutton
0%
LVC Liverpool Central
0%
LVJ Liverpool James Street
0%
LSN Livingston North
0%
LBR Llanbedr
0%
LLT Llanbister Road
0%
LNB Llanbradach
0%
LLN Llandaf
0%
LLC Llandecwyn
0%
LLV Llandovery
0%
LLO Llandrindod
0%
LLD Llandudno
0%
LLI Llandybie
0%
LPG Llanfairpwll
0%
LLG Llangadog
0%
LLM Llangammarch
0%
LLH Llangennech
0%
LGO Llangynllo
0%
LLR Llanharan
0%
LLS Llanishen
0%
LWR Llanrwst
0%
LAS Llansamlet
0%
LWM Llantwit Major
0%
LNW Llanwrtyd
0%
LLY Llwynypia
0%
LCL Lochailort
0%
LCS Locheilside
0%
LCC Lochluichart
0%
LHW Lochwinnoch
0%
LCK Lockwood
0%
BFR London Blackfriars
0%
LBG London Bridge
0%
FST London Fenchurch Street
0%
LOF London Fields
0%
LST London Liverpool Street
0%
MYB London Marylebone
0%
LRB London Road
0%
SPX London St Pancras
0%
WAE London Waterloo East
0%
LOB Longbridge
0%
LBK Long Buckby
0%
LNG Longcross
0%
LGF Longfield
0%
LND Longniddry
0%
LPT Longport
0%
LPR Long Preston
0%
LGN Longton
0%
LOH Lostock Hall
0%
LBO Loughborough
0%
LGJ Loughborough Junction
0%
LOW Lowdham
0%
LSY Lower Sydenham
0%
LMR Low Moor
0%
LUX Luxulyan
0%
LYP Lymington Pier
0%
LYT Lymington Town
0%
LYC Lympstone Commando
0%
LTM Lytham
0%
MEW Maesteg
0%
MAG Maghull
0%
MNS Maghull North
0%
MAI Maidenhead
0%
MDB Maidstone Barracks
0%
MAL Malden Manor
0%
MLG Mallaig
0%
MLT Malton
0%
MCO Manchester Oxford Road
0%
MUF Manchester United Football Ground
0%
MNE Manea
0%
MRB Manorbier
0%
MNP Manor Park
0%
MNR Manor Road
0%
MAS Manors
0%
MFT Mansfield
0%
MSW Mansfield Woodhouse
0%
MRN Marden
0%
MHR Market Harborough
0%
MKR Market Rasen
0%
MNC Markinch
0%
MKT Marks Tey
0%
MPL Marple
0%
MSN Marsden
0%
MSK Marske
0%
MTM Martin Mill
0%
MAO Martins Heron
0%
MTO Marton
0%
MYH Maryhill
0%
MTB Matlock Bath
0%
MAU Mauldeth Road
0%
MHS Meadowhall
0%
MKM Melksham
0%
MES Melton
0%
MMO Melton Mowbray
0%
MEC Meols Cop
0%
MEP Meopham
0%
MRW Meridian Water
0%
MEY Merryton
0%
MER Merthyr Tydfil
0%
MEV Merthyr Vale
0%
MGM Metheringham
0%
MEX Mexborough
0%
MDL Middlewood
0%
MDG Midgham
0%
MLF Milford
0%
MFH Milford Haven
0%
MLB Millbrook
0%
MIN Milliken Park
0%
MIH Mills Hill
0%
MLN Milngavie
0%
MIR Mirfield
0%
MIS Mistley
0%
MTC Mitcham Eastfields
0%
MON Monifieth
0%
MRS Monks Risborough
0%
MTP Montpelier
0%
MTS Montrose
0%
MRF Moorfields
0%
MOG Moorgate
0%
MSD Moorside
0%
MRP Moorthorpe
0%
MRR Morar
0%
MRD Morchard Road
0%
MDS Morden South
0%
MCM Morecambe
0%
MRT Moreton
0%
MFA Morfa Mawddach
0%
MPT Morpeth
0%
MOR Mortimer
0%
MTL Mortlake
0%
MSS Moses Gate
0%
MSL Mossley
0%
MSH Mossley Hill
0%
MPK Mosspark
0%
MSO Moston
0%
MTH Motherwell
0%
MTG Mottingham
0%
MCB Moulsecoomb
0%
MTA Mountain Ash
0%
MFL Mount Florida
0%
MTV Mount Vernon
0%
MUI Muirend
0%
MOO Muir of Ord
0%
MUB Musselburgh
0%
MYT Mytholmroyd
0%
NAR Narberth
0%
NEL Nelson
0%
NES Neston
0%
NET Netherfield
0%
NRT Nethertown
0%
NTL Netley
0%
NCT Newark Castle
0%
NBC New Beckenham
0%
NBN New Brighton
0%
NRC Newbury Racecourse
0%
NCL Newcastle
0%
NCE New Clee
0%
NCO Newcourt
0%
NEW Newcraighall
0%
NCK New Cumnock
0%
NHE New Hythe
0%
NGT Newington
0%
NLN New Lane
0%
NWM New Milton
0%
NSG New Southgate
0%
NSD Newstead
0%
NTN Newton
0%
NTA Newton Abbot
0%
NAY Newton Aycliffe
0%
NWN Newton for Hyde
0%
NEG Newtongrange
0%
NWR Newtonmore
0%
NOA Newton-on-Ayr
0%
NTC Newton St Cyres
0%
NWT Newtown
0%
NNP Ninian Park
0%
NIT Nitshill
0%
NBT Norbiton
0%
NRB Norbury
0%
NSB Normans Bay
0%
NCM North Camp
0%
NFA North Fambridge
0%
NFD Northfield
0%
NFL Northfleet
0%
NLR North Llanrwst
0%
NQU North Queensferry
0%
NRD North Road
0%
NSH North Sheen
0%
NWA North Walsham
0%
NWB North Wembley
0%
NWI Northwich
0%
NHD Nunhead
0%
NUT Nutbourne
0%
OKN Oakengates
0%
OBN Oban
0%
OLF Oldfield Park
0%
OHL Old Hill
0%
ORN Old Roan
0%
OLD Old Street
0%
OMS Ormskirk
0%
OPK Orrell Park
0%
OUS Oulton Broad South
0%
OUT Outwood
0%
OVE Overpool
0%
OXN Oxenholme Lake District
0%
PDW Paddock Wood
0%
PCN Paisley Canal
0%
PYG Paisley Gilmour Street
0%
PAL Palmers Green
0%
PTF Pantyffynnon
0%
PAR Par
0%
PBL Parbold
0%
PKT Park Street
0%
PSN Parson Street
0%
PTK Partick
0%
PRN Parton
0%
PAT Patricroft
0%
PEA Peartree
0%
PMR Peckham Rye
0%
PEG Pegswood
0%
PMB Pembroke
0%
PNA Penally
0%
PCD Pencoed
0%
PGM Pengam
0%
PHG Penhelig
0%
PKG Penkridge
0%
PMW Penmaenmawr
0%
PER Penrhiwceiber
0%
PRH Penrhyndeudraeth
0%
PYN Penryn
0%
PHR Penshurst
0%
PTB Pentre-Bach
0%
PNY Pen-y-Bont
0%
PNC Penychain
0%
PRW Perranwell
0%
PRY Perry Barr
0%
PTR Petersfield
0%
PEB Pevensey Bay
0%
PIN Pinhoe
0%
PIT Pitlochry
0%
PLK Plockton
0%
PLM Plumley
0%
POK Pokesdown
0%
PLG Polegate
0%
PSW Polesworth
0%
PWE Pollokshaws East
0%
PWW Pollokshaws West
0%
PLE Pollokshields East
0%
POL Polsloe Bridge
0%
PON Ponders End
0%
PTD Pontarddulais
0%
PFM Pontefract Monkhill
0%
POT Pontefract Tanshelf
0%
PLT Pontlottyn
0%
PYC Pontyclun
0%
PYP Pont-y-Pant
0%
PPL Pontypool & New Inn
0%
POO Poole
0%
PTG Port Glasgow
0%
POR Porth
0%
PTM Porthmadog
0%
PLN Portlethen
0%
PMA Portsmouth Arms
0%
PSL Port Sunlight
0%
PPK Possilpark & Parkhouse
0%
PBR Potters Bar
0%
PFY Poulton-le-Fylde
0%
PRS Prees
0%
PSC Prescot
0%
PST Prestonpans
0%
PRA Prestwick International Airport
0%
PTL Priesthill & Darnley
0%
PRR Princes Risborough
0%
PRL Prittlewell
0%
PRU Prudhoe
0%
PFL Purfleet
0%
PUO Purley Oaks
0%
PYE Pye Corner
0%
PYL Pyle
0%
QYD Quakers Yard
0%
QRB Queenstown Road
0%
RDF Radcliffe-on-Trent
0%
RAD Radley
0%
RDR Radyr
0%
RNH Rainhill
0%
RGW Ramsgreave & Wilpshire
0%
RAN Rannoch
0%
RAV Ravenglass for Eskdale
0%
RVN Ravensthorpe
0%
RWC Rawcliffe
0%
RLG Rayleigh
0%
REC Rectory Road
0%
RDB Redbridge
0%
RBS Redcar British Steel
0%
RCE Redcar East
0%
RDN Reddish North
0%
RDS Reddish South
0%
RDA Redland
0%
RED Redruth
0%
REE Reedham
0%
RHM Reedham
0%
REI Reigate
0%
RIA Rhoose Cardiff International Airport
0%
RHO Rhosneigr
0%
RHD Ribblehead
0%
RIL Rice Lane
0%
RDD Riddlesdown
0%
RID Ridgmont
0%
RDM Riding Mill
0%
RCA Risca & Pontymister
0%
RBR Robertsbridge
0%
RRN Robroyston
0%
ROB Roby
0%
RCD Rochdale
0%
RTR Rochester
0%
RFY Rock Ferry
0%
ROG Rogart
0%
ROR Rogerstone
0%
RMF Romford
0%
RML Romiley
0%
RSG Rose Grove
0%
RSH Rose Hill Marple
0%
ROS Rosyth
0%
RMC Rotherham Central
0%
RNR Roughton Road
0%
RLN Rowlands Castle
0%
RYN Roydon
0%
RYS Royston
0%
RGT Rugeley Town
0%
RGL Rugeley Trent Valley
0%
RKT Ruskington
0%
RUS Ruswarp
0%
RUT Rutherglen
0%
RYP Ryde Pier Head
0%
RRB Ryder Brow
0%
RYR Ryde St Johns Road
0%
SFD Salford Central
0%
SAH Salhouse
0%
STS Saltash
0%
SLB Saltburn
0%
SLT Saltcoats
0%
SAM Saltmarshe
0%
SLW Salwick
0%
SMC Sampford Courtenay
0%
SNA Sandal & Agbrigg
0%
SDB Sandbach
0%
SND Sandhurst
0%
SDG Sandling
0%
SAN Sandown
0%
SAD Sandwell & Dudley
0%
SNK Sankey for Penketh
0%
SQH Sanquhar
0%
SRR Sarn
0%
SDF Saundersfoot
0%
SCT Scotscalder
0%
SCH Scotstounhill
0%
SFL Seaforth & Litherland
0%
SEA Seaham
0%
SEM Seamer
0%
SSC Seascale
0%
SEC Seaton Carew
0%
SRG Seer Green & Jordans
0%
SRS Selhurst
0%
SLY Selly Oak
0%
SVK Seven Kings
0%
SEV Sevenoaks
0%
SVB Severn Beach
0%
SFR Shalford
0%
SFI Shawfair
0%
SED Shelford
0%
SNF Shenfield
0%
SEN Shenstone
0%
SPB Shepherd's Bush
0%
SPH Shepherds Well
0%
SHP Shepperton
0%
STH Shepreth
0%
SIE Sherburn-in-Elmet
0%
SHM Sheringham
0%
SLS Shettleston
0%
SDM Shieldmuir
0%
SFN Shifnal
0%
SHI Shiplake
0%
SHY Shipley
0%
SIP Shipton
0%
SHB Shirebrook
0%
SHH Shirehampton
0%
SRO Shireoaks
0%
SRL Shirley
0%
SRY Shoeburyness
0%
SDC Shoreditch High Street
0%
SEH Shoreham
0%
SSE Shoreham-by-Sea
0%
SRT Shortlands
0%
SHT Shotton
0%
SHS Shotts
0%
SIC Silecroft
0%
SLK Silkstone Common
0%
SVR Silverdale
0%
SLV Silver Street
0%
SIN Singer
0%
SIT Sittingbourne
0%
SKE Skewen
0%
SGR Slade Green
0%
SWT Slaithwaite
0%
SLA Slateford
0%
SLR Sleaford
0%
SLH Sleights
0%
SAB Smallbrook Junction
0%
SMA Small Heath
0%
SGB Smethwick Galton Bridge
0%
SMR Smethwick Rolfe Street
0%
SNI Snaith
0%
SDA Snodland
0%
SWO Snowdown
0%
SOR Sole Street
0%
SOL Solihull
0%
SYT Somerleyton
0%
SAT South Acton
0%
SBK South Bank
0%
SBM South Bermondsey
0%
SOB Southbourne
0%
SBU Southbury
0%
SEE Southease
0%
SES South Elmsall
0%
SOC Southend Central
0%
SOE Southend East
0%
SOV Southend Victoria
0%
SGN South Greenford
0%
SGL South Gyle
0%
SOH South Hampstead
0%
SOK South Kenton
0%
SMO South Merton
0%
SOM South Milford
0%
SMN Southminster
0%
SOP Southport
0%
SRU South Ruislip
0%
STO South Tottenham
0%
SWK Southwick
0%
SWS South Wigston
0%
SOF South Woodham Ferrers
0%
SOW Sowerby Bridge
0%
SBR Spean Bridge
0%
SPI Spital
0%
SPN Spooner Row
0%
SPF Springfield
0%
SRI Spring Road
0%
SNS Staines
0%
SAA St Albans Abbey
0%
SAC St Albans City
0%
SLL Stallingborough
0%
SMD Stamford
0%
SMH Stamford Hill
0%
SAR St Andrews Road
0%
SFO Stanford-le-Hope
0%
SNT Stanlow & Thornton
0%
SAS St Annes-on-Sea
0%
SST Stansted Mountfitchet
0%
SPU Staplehurst
0%
SBE Starbeck
0%
SAU St Austell
0%
SBS St Bees
0%
SBF St Budeaux Ferry Road
0%
SCR St Columb Road
0%
SDN St Denys
0%
SCF Stechford
0%
SON Steeton & Silsden
0%
SPS Stepps
0%
SER St Erth
0%
STV Stevenston
0%
SWR Stewartby
0%
STT Stewarton
0%
SGM St Germans
0%
SHJ St Helens Junction
0%
SIH St Helier
0%
SJS St James Street
0%
SKN St Keyne Wishing Well Halt
0%
SLQ St Leonards Warrior Square
0%
SMY St Mary Cray
0%
SNO St Neots
0%
SSM Stocksmoor
0%
SKM Stoke Mandeville
0%
SKW Stoke Newington
0%
SNE Stone
0%
SCG Stone Crossing
0%
SOG Stonegate
0%
SHU Stonehouse
0%
SNL Stoneleigh
0%
SBJ Stourbridge Junction
0%
SBT Stourbridge Town
0%
SMK Stowmarket
0%
STR Stranraer
0%
SRA Stratford
0%
STY Stratford-upon-Avon Parkway
0%
STC Strathcarron
0%
STE Streatham
0%
SRC Streatham Common
0%
SRN Strines
0%
STF Stromeferry
0%
STD Stroud
0%
SYA Styal
0%
SUY Sudbury
0%
SDH Sudbury Hill Harrow
0%
SUM Summerston
0%
SUU Sunbury
0%
SUP Sundridge Park
0%
SNG Sunningdale
0%
SUR Surbiton
0%
SQE Surrey Quays
0%
SUO Sutton
0%
SUC Sutton Common
0%
SPK Sutton Parkway
0%
SAY Swanley
0%
SWM Swanscombe
0%
SNW Swanwick
0%
SWY Sway
0%
SWG Swaythling
0%
SWE Swineshead
0%
SNN Swinton
0%
SYH Sydenham Hill
0%
SYL Syon Lane
0%
SYS Syston
0%
TAI Tain
0%
TAL Talsarnau
0%
TLB Talybont
0%
TAB Tame Bridge Parkway
0%
TAP Taplow
0%
TAT Tattenham Corner
0%
TAY Taynuilt
0%
TEA Tees-side Airport
0%
TMC Templecombe
0%
TEY Teynham
0%
THD Thames Ditton
0%
THH Thatto Heath
0%
THE Theale
0%
THW The Hawthorns
0%
TLK The Lakes
0%
TEO Theobalds Grove
0%
TTF Thetford
0%
TBY Thornaby
0%
TNN Thorne North
0%
TNS Thorne South
0%
THO Thornford
0%
THB Thornliebank
0%
TNA Thornton Abbey
0%
THT Thorntonhall
0%
TPB Thorpe Bay
0%
TPC Thorpe Culvert
0%
TLS Thorpe-le-Soken
0%
TBD Three Bridges
0%
TOK Three Oaks
0%
THC Thurnscoe
0%
THS Thurso
0%
TRS Thurston
0%
TIL Tilbury Town
0%
THL Tile Hill
0%
TIR Tir-Phil
0%
TDU Tondu
0%
TNF Tonfanau
0%
TPN Ton Pentre
0%
TNP Tonypandy
0%
TRR Torre
0%
TOM Tottenham Hale
0%
TWN Town Green
0%
TRA Trafford Park
0%
TRF Trefforest
0%
TRH Trehafod
0%
TRB Treherbert
0%
TRY Treorchy
0%
TRN Troon
0%
TUH Tulse Hill
0%
TBW Tunbridge Wells
0%
TWB Tweedbank
0%
TYC Ty Croes
0%
TGS Ty Glas
0%
TYG Tygwyn
0%
TYL Tyndrum Lower
0%
TYS Tyseley
0%
TYW Tywyn
0%
ULL Ulleskelf
0%
UHA Uphall
0%
UPH Upper Halliford
0%
UHL Upper Holloway
0%
UTY Upper Tyndrum
0%
UWL Upper Warlingham
0%
VIR Virginia Water
0%
WDO Waddon
0%
WAD Wadhurst
0%
WFL Wainfleet
0%
WKK Wakefield Kirkgate
0%
WKF Wakefield Westgate
0%
WLG Wallasey Grove Road
0%
WLT Wallington
0%
WAF Wallyford
0%
WAM Walmer
0%
WDN Walsden
0%
WLC Waltham Cross
0%
WMW Walthamstow Queen's Road
0%
WAO Walton
0%
WAL Walton-on-Thames
0%
WON Walton-on-the-Naze
0%
WAN Wanborough
0%
WSW Wandsworth Common
0%
WWR Wandsworth Road
0%
WNT Wandsworth Town
0%
WNP Wanstead Park
0%
WPE Wapping
0%
WRM Wareham
0%
WMN Warminster
0%
WNH Warnham
0%
WAC Warrington Central
0%
WAW Warrington West
0%
WRP Warwick Parkway
0%
WTO Water Orton
0%
WFH Watford High Street
0%
WFN Watford North
0%
WTG Watlington
0%
WAS Watton-at-Stone
0%
WNG Waun-Gron Park
0%
WED Wedgwood
0%
WEE Weeley
0%
WET Weeton
0%
WLN Wellington
0%
WLP Welshpool
0%
WLW Welwyn North
0%
WCX Wembley Stadium
0%
WMS Wemyss Bay
0%
WND Wendover
0%
WNN Wennington
0%
WSA West Allerton
0%
WBP West Brompton
0%
WBY West Byfleet
0%
WCL West Calder
0%
WCB Westcombe Park
0%
WHA Westenhanger
0%
WTA Wester Hailes
0%
WGA Westgate-on-Sea
0%
WHD West Hampstead
0%
WHP West Hampstead Thameslink
0%
WHR West Horndon
0%
WHG Westhoughton
0%
WKB West Kilbride
0%
WKI West Kirby
0%
WMA West Malling
0%
WRU West Ruislip
0%
WRN West Runton
0%
WLD West St Leonards
0%
WSU West Sutton
0%
WWI West Wickham
0%
WWO West Worthing
0%
WRL Wetheral
0%
WYB Weybridge
0%
WHE Whalley
0%
WTS Whatstandwell
0%
WFF Whifflet
0%
WHM Whimple
0%
WNL Whinhill
0%
WHN Whiston
0%
WTB Whitby
0%
WHT Whitchurch
0%
WTC Whitchurch
0%
ZLW Whitechapel
0%
WCR Whitecraigs
0%
WHL White Hart Lane
0%
WTH Whitehaven
0%
WNY White Notley
0%
WBD Whitley Bridge
0%
WLF Whittlesford Parkway
0%
WTN Whitton
0%
WWL Whitwell
0%
WHS Whyteleafe South
0%
WCM Wickham Market
0%
WMR Widney Manor
0%
WMI Wildmill
0%
WIJ Willesden Junction
0%
WLM Williamwood
0%
WIL Willington
0%
WMC Wilmcote
0%
WML Wilmslow
0%
WBO Wimbledon Chase
0%
WIH Winchmore Hill
0%
WDM Windermere
0%
WNC Windsor & Eton Central
0%
WTI Winnersh Triangle
0%
WSF Winsford
0%
WTM Witham
0%
WTY Witley
0%
WVF Wivelsfield
0%
WOH Woldingham
0%
WVH Wolverhampton
0%
WDB Woodbridge
0%
WDE Wood End
0%
WDL Woodhall
0%
WDH Woodhouse
0%
WDS Woodlesford
0%
WSR Woodsmoor
0%
WST Wood Street
0%
WWD Woolwich Dockyard
0%
WWW Wootton Wawen
0%
WOF Worcester Foregate Street
0%
WOP Worcestershire Parkway
0%
WOS Worcester Shrub Hill
0%
WRK Worksop
0%
WRT Worstead
0%
WRH Worthing
0%
WRB Wrabness
0%
WRY Wraysbury
0%
WRE Wrenbury
0%
WRS Wressle
0%
WRX Wrexham General
0%
WYM Wylam
0%
WYL Wylde Green
0%
WYT Wythall
0%
YRD Yardley Wood
0%
YAE Yate
0%
YVP Yeovil Pen Mill
0%
YET Yetminster
0%
YRT Yorton
0%
No matching quizzes found
Score Distribution
Percent of People with Each Score
Percentile by Number Answered
Your Score History
You have not taken this quiz